Hunger Games Characters By Their Deaths - Statistics

General Stats
  • This quiz has been taken 105 times
  • The average score is 10 of 15
Answer Stats
Hint Answer % Correct
Choked on blood after years of poison President Coriolanus Snow
93%
Shot by Katniss after being mauled by dog mutts in the arena Cato
91%
Shot by Katniss at the former President's execution President Alma Coin
88%
Blown up while being killed by faceless mutts in the sewers Finnick Odair
86%
Sacrificed herself by running into poisonous gas in the arena Mags Flanigan
86%
Blown up by District 13 bombs Primrose Everdeen
81%
Impaled by District 1 tribute Marvel in the arena Rue
77%
Poisoned by a bag of gumdrops Lenore Dove Baird
65%
Was thrown from a chariot and fatally hit her head Louella McCoy
52%
Hanged in District 12 for treason Sejanus Plinth
52%
Killed by flamingo mutts in the arena Maysilee Donner
49%
Eaten alive by squirrel mutts in the arena Ampert Latier
48%
Executed on Capitol Television for being Peeta's stylist Portia
42%
Shot in the head after running away when reaped Woodbine Chance
35%
Stabbed by tribute, Brandy, after taunting her with food Arachne Crane
32%
No matching quizzes found
Score Distribution
Percent of People with Each Score
Percentile by Number Answered
Your Score History
You have not taken this quiz